000 00763nam a2200181Ia 4500
008 100920s9999 xx 000 0 und d
082 _b63783
_a61 थ 56
100 _a---
245 _aमुंबई राज्यांतील वीज योजना.
260 _bमुंबई सरकारच्या प्रसिध्दी खात्याकडून प्रकाशित.
_c1956
300 _a32
_bसाधी
365 _b0.12
520 _aस्थानिक वाचन.
630 _aमुंबई राज्यांतील वीज योजना.
650 _aस्थानिक वाचन.
730 _aमुंबई राज्यांतील वीज योजना.
942 _cBOOK
999 _c706862
_d706859